Pokemon commençant par la lettre S - Gen 1 à 9 - Statistiques

Statistiques générales
  • Ce quiz a été pris 41 fois
    29 depuis la dernière actualisation
  • Le résultat moyen est 37 sur 70
Statistiques - réponses
Réponse % Correct
Solgaleo
85%
Salamèche
80%
Sabelette
75%
Sablaireau
75%
Solaroc
75%
Saquedeneu
70%
Scarabrute
70%
Scarhino
70%
Séléroc
70%
Séviper
70%
Sovkipou
70%
Sancoki
65%
Silvallié
65%
Simiabraz
65%
Sonistrelle
65%
Salarsen
60%
Sapereau
60%
Scorplane
60%
Sorbébé
60%
Sorboul
60%
Spectrum
60%
Spinda
60%
Spiritomb
60%
Stalgamin
60%
Stari
60%
Staross
60%
Sucroquin
60%
Sylveroy
60%
Symbios
60%
Scolocendre
55%
Scorvol
55%
Sepiatop
55%
Sepiatroce
55%
Simularbre
55%
Sorbouboul
55%
Spododo
55%
Statitik
55%
Sarmurai
50%
Scalpion
50%
Scalproie
50%
Serpang
50%
Sinistrail
50%
Skitty
50%
Soporifik
50%
Spoink
50%
Suicune
50%
Sulfura
50%
Scovilain
45%
Selutin
45%
Shaymin
45%
Skelénox
45%
Solochi
45%
Sorcilence
45%
Steelix
45%
Sucreine
45%
Scalpereur
40%
Scobolide
40%
Séracrawl
40%
Sharpedo
40%
Shifours
40%
Sidérella
40%
Smogo
40%
Smogogo
40%
Scrutella
35%
Serpente-Eau
30%
Shaofouine
30%
Snubbull
30%
Spectreval
25%
Strassie
25%
Superdofin
25%
Aucun quiz correspondant
Distribution des résultats
% des personnes avec chaque résultat
Percentile par nombre de réponses
Votre historique - résultats
Vous n’avez pas pris ce quiz depuis la dernière actualisation